000 01374nam a2200397 c 4500
001 24442
003 ES-MaCES
005 20150929135824.0
008 120516s2011 be t m000 | eng d
035 _aCES20120003249m
040 _aES-MaCES
_bspa
_cES-MaCES
245 0 4 _aThe First European semester from a civil society perspective
_b: integrated report : Europe 2020 strategy
_cEuropean Economic and Social Committee
260 _a[Bruxelles]
_bEESC
_c[2011]
300 _a96 p.
_c30 cm
500 _aTít. tomado de la cub.
500 _aEjemp. fotocopiado
541 _cGratuito
650 4 _aConsejos Económicos y Sociales
_930859
650 4 _aparticipación social
_927284
650 4 _apolítica gubernamental
_927211
650 4 _acrisis económica
_927102
650 4 _areforma económica
_929791
650 4 _areforma de la seguridad social
_930668
650 4 _a2011-2012
_932030
650 4 _a2020
_931139
650 4 _aplan de acción
_930406
650 4 _arepertorio de recomendaciones prácticas
_929261
653 1 0 _aAdministración-Instituciones públicas
650 4 _929020
_apaís de la UE
650 4 _926752
_aUE
650 4 _930664
_aconcertación social
710 2 _aComité Económico y Social Europeo
_92193
902 _aDOC Literatura gris
942 _2CES
_cBK
_h6.3.
999 _c24442
_d24442